Pohľad do diela Janka Kráľa

Bibliographic Details
Main Author: Pišút, Milan, 1908-1984 (Author)
Format: Article
Language:Slovak
Subjects:

MARC

LEADER 00000nab a2200000uu 4500
001 vtls011521166
003 SK-MaSNL
005 20260303184144.0
008 230704|1941 xo |||||||||||||||||slo|
015 |a SNBRB 
035 |a (urnnbn)urn:nbn:sk:snk:ar-0022d0 
035 |a (uuid)aab0d559-4cde-4fe1-8f8f-10a1085438fd 
035 |a urn:nbn:sk:snk-abe9gu 
040 |a SNKBUCL  |b slo  |c SNKBUCL  |e AACR2 
041 0 |a slo 
044 |a xo  |c SK 
100 1 |a Pišút, Milan,  |d 1908-1984  |4 aut  |9 106532 
245 1 0 |a Pohľad do diela Janka Kráľa  |c Milan Pišút 
600 1 7 |a Kráľ, Janko,  |d 1822-1876  |2 SNKMA  |9 85414 
655 7 |a štúdie  |2 SNKPH  |9 57033 
773 0 |t Slovenské pohľady  |g Roč. 57, č. 10 (1941), s. 634-640 
850 |a Slovenská národná knižnica 
852 |a Slovenská národná knižnica 
954 |a odborná, vedecká literatúra pôvodná (slovenská)  |2 lita 
958 |a OND 
958 |a EUIPO 
958 |a article21 
999 |c 2125213  |d 2127143